10 Deadliest Wars Of All Time - Statistics

General Stats
  • This quiz has been taken 325 times
  • The average score is 3 of 10
Answer Stats
Death Toll War % Correct
18,400,000 World War I
100%
85,000,000 World War II
100%
25,000,000 Chinese Civil War
25%
8,000,000 Chinese Civil War
25%
55,000,000 Mongol Invasions
4%
8,000,000 Timurid Conquests
3%
38,000,000 War Of Three Kingdoms
3%
12,000,000 Hui Minorities War
2%
25,000,000 Qing Conquests
2%
13,000,000 Tang-Yan Wars
2%
No matching quizzes found
Score Distribution
Percent of People with Each Score
Percentile by Number Answered
Your Score History
You have not taken this quiz